00393 a2200109 4500001001000000005001700010008004100027245006400068100002400132773011000156999001700266ART_4976220260410161936.0260409a 10aSistemas de integracióndel impuesto a la renta societaria1 aReig, Enrique Jorge0 tAnales de la Academia Nacional de Ciencias Económicasg- Vol. XXVIII, (1983) (ene./dic. 1983)wREV25596 c29070d29070